000 00803cam a22001935a 4500
001 L141271
008 071108s1918 fr eng u
035 _a(Sirsi) u141271
041 0 _afre
245 0 0 _aMarchiennes-ville, dependances de la Trefilerie (pres de la Gare)
_b90 chevaux & mulets environ a vendre aux encheres publiques
260 _aS.l.
_bs.n.
_c1918
300 _a1 sheet
_bcol.
_c40 x 31 cm., folded to 31 x 20 cm. +
_e2 sheets (21 x 9 cm. and 25 x 20 cm.)
340 _aPrinted
351 _cSingle item
500 _aItem is and auction poster and is accompanied by a letter from the donor, dated 19 December 1918 and a copy of a reply dated 23 December 1918.
651 4 _aFrance
690 _aPROPERTY ACQUISITION AND DISPOSAL-ACQUISITION AND DISPOSAL AT AUCTION
942 _n0
999 _c116701
_d116701